Central Library OPAC University of Rajshahi

The writer's options : (Record no. 76468)

MARC details
000 -LEADER
fixed length control field 00914nam a2200301 a 4500
001 - CONTROL NUMBER
control field 76468
003 - CONTROL NUMBER IDENTIFIER
rucl marc code BD-RjUL
005 - DATE AND TIME OF LATEST TRANSACTION
control field 20211209082840.0
008 - FIXED-LENGTH DATA ELEMENTS--GENERAL INFORMATION
fixed length control field 191210s1982 nyu 001 0 eng
020 ## - INTERNATIONAL STANDARD BOOK NUMBER
International Standard Book Number 0060414766 (pbk.)
035 ## - SYSTEM CONTROL NUMBER
System control number (BD-RjUL)76690
040 ## - CATALOGING SOURCE
Original cataloging agency DLC
Transcribing agency DLC
Modifying agency DLC
-- BD-RjUL
Language of cataloging eng
041 ## - LANGUAGE CODE
Language code of text/sound track or separate title eng
082 00 - DEWEY DECIMAL CLASSIFICATION NUMBER
Edition number 19
Classification number 808.042
Author mark and year DAW 1982
100 1# - MAIN ENTRY--PERSONAL NAME
Personal name Daiker, Donald A.,
Dates associated with a name 1938-
9 (RLIN) 236214
245 14 - TITLE STATEMENT
Title The writer's options :
Remainder of title combining to composing /
Statement of responsibility, etc. Donald A. Daiker, Andrew Kerek, Max Morenberg.
250 ## - EDITION STATEMENT
Edition statement 2nd ed.
260 ## - PUBLICATION, DISTRIBUTION, ETC. (IMPRINT)
Place of publication, distribution, etc. New York :
Name of publisher, distributor, etc. Harper & Row,
Date of publication, distribution, etc. c1982.
300 ## - PHYSICAL DESCRIPTION
Pagination xii, 388 p. ;
Size 24 cm.
500 ## - GENERAL NOTE
General note Includes index.
650 #0 - SUBJECT ADDED ENTRY--TOPICAL TERM
Topical term or geographic name as entry element English language
General subdivision Rhetoric.
9 (RLIN) 236215
Topical term or geographic name as entry element Report writing.
9 (RLIN) 236216
700 1# - ADDED ENTRY--PERSONAL NAME
Personal name Kerek, Andrew.
Personal name Morenberg, Max,
Dates associated with a name 1940-
942 ## - ADDED ENTRY ELEMENTS (KOHA)
Source of classification or shelving scheme Dewey Decimal Classification
Koha item type Books
Holdings
Lost status Source of classification or shelving scheme Damaged status Not for loan Collection code Permanent Location Current Location Shelving location Date acquired Source of acquisition Total Checkouts Full call number Date last seen Copy number Koha item type
  Dewey Decimal Classification   Not For Loan Non-fiction Central Library, University of Rajshahi Central Library, University of Rajshahi Reading Room 20/07/1987 Asia Foundation   808.042 DAW 1982 10/12/2019 C-1 Books